Reading tasks

保存先:
書誌詳細
第一著者: Benítez, Lucila (著者)
フォーマット: 図書
言語:英語
出版事項: Essex Longman 1990
主題:
タグ: タグ追加
タグなし, このレコードへの初めてのタグを付けませんか!

MARC

LEADER 00000nam a2200000 a 4500
001 UCX5907
003 CL-VaPUC
008 930304e19900000UK |||||||||||||||||eng|d
082 0 4 |a 428.8  |b BEN  |2 21 
100 0 |a Benítez, Lucila  |e author  |9 322252 
245 1 0 |a Reading tasks 
300 |a 109 p 
942 |c BK 
945 |d 19930304 00:00:00 
260 |a Essex  |b Longman  |c 1990 
650 7 |a INGLES COMPRENSION  |2 CL-VaPUC  |9 313403 
650 7 |a INGLES EJERCICIOS DE LECTURA  |2 CL-VaPUC  |9 315288 
650 0 |a Inglés  |x Vocabulario  |9 320258 
583 |a last modification  |c 20190705 10:12:28  |k Rodrigo Vera 
999 |c 226030  |d 226028 
952 |0 0  |1 0  |4 0  |6 428_800000000000000_BEN_1990  |7 0  |8 A  |9 224055  |a BIBEDU  |b BIBEDU  |d 2019-11-15  |i 2929023  |o 428.8 BEN 1990  |p 2929023  |r 2019-11-15  |w 2019-11-15  |y BK  |k LIT